<?xml version="1.0" encoding="UTF-8"?>
<record
    xmlns:xsi="http://www.w3.org/2001/XMLSchema-instance"
    xsi:schemaLocation="http://www.loc.gov/MARC21/slim http://www.loc.gov/standards/marcxml/schema/MARC21slim.xsd"
    xmlns="http://www.loc.gov/MARC21/slim">

  <leader>00750cam4a220018100 4500</leader>
  <controlfield tag="001">zam00005314</controlfield>
  <controlfield tag="008">970717n        xx                  eng u</controlfield>
  <datafield tag="035" ind1=" " ind2=" ">
    <subfield code="a">(Sirsi) r135314</subfield>
  </datafield>
  <datafield tag="040" ind1=" " ind2=" ">
    <subfield code="d">UPRA</subfield>
  </datafield>
  <datafield tag="100" ind1=" " ind2=" ">
    <subfield code="a">Deere, Garmen.</subfield>
    <subfield code="6">A108184.1</subfield>
  </datafield>
  <datafield tag="245" ind1="1" ind2="0">
    <subfield code="a">Household incomes in Cuban agriculture.</subfield>
  </datafield>
  <datafield tag="260" ind1=" " ind2=" ">
    <subfield code="a">The Hague :</subfield>
    <subfield code="b">ISS,</subfield>
    <subfield code="c">1993.</subfield>
  </datafield>
  <datafield tag="520" ind1=" " ind2=" ">
    <subfield code="a">This paper focusses on current household income levels among the three main groups of Cuban agricultural households i.e wage workers on state farms, cooperatives and property owning peasant producers.</subfield>
  </datafield>
  <datafield tag="650" ind1=" " ind2="4">
    <subfield code="a">Household Incomes.</subfield>
    <subfield code="6">S81093.1</subfield>
  </datafield>
  <datafield tag="650" ind1=" " ind2="4">
    <subfield code="a">Cuba -- Wages -- Workers.</subfield>
    <subfield code="x">Cuba -- Wages -- Workers.</subfield>
    <subfield code="x">Cuba -- Wages -- Workers.</subfield>
    <subfield code="6">S81094.1</subfield>
  </datafield>
  <datafield tag="949" ind1="1" ind2="0">
    <subfield code="m">INESOR</subfield>
    <subfield code="t">BOOK</subfield>
    <subfield code="l">ON-SHELF</subfield>
  </datafield>
  <controlfield tag="004">135314</controlfield>
  <datafield tag="999" ind1=" " ind2=" ">
    <subfield code="c">23248</subfield>
    <subfield code="d">23248</subfield>
  </datafield>
</record>
